00385 a2200109 4500001001000000005001700010008004100027245008000068100002600148773008400174999001700258ART_3437320260410162005.0260409a 10aShould latin american cuntries adopt structural balance-based fiscal rules?1 aTer-Minassian, Teresa0 tRevista de economía y estadísticag- Vol. XLIX, Nº 2 (dic. 2011)wREV34359 c31595d31595